| 000 | 01808cam a22003495a 4500 | ||
|---|---|---|---|
| 001 | E141871 | ||
| 002 | 17236 | ||
| 008 | 080115s2009 xxk f 001 0 eng d | ||
| 020 | _a9780470698037 | ||
| 035 | _a(Sirsi) u141871 | ||
| 041 | 0 | _aeng | |
| 050 | 0 | 4 | _a692.8 $2 18 |
| 110 | 2 |
_aMacRoberts _93526 |
|
| 245 | 0 | 0 |
_aMacRoberts on Scottish building contracts _h[electronic resource] |
| 250 | _a2nd ed. | ||
| 260 |
_aOxford _bBlackwell _c2009 |
||
| 300 | _aeBook | ||
| 350 | _a59.50 | ||
| 505 | 2 | _aBuilding contracts in general -- Procurement -- Entering into a building contract -- Employers' obligations -- Contractors' obligations -- Time -- Certification -- Payment -- Ending a building contract -- Remedies -- Sub-contractors and suppliers -- Assignation, delegation and novation -- Rights for third parties -- Insurance, guarantees and bonds -- Dispute resolution -- Adjudication -- Arbitration -- Tax -- Health and safety | |
| 520 | _aThis eBook discusses key provisions of the standard Scottish building contracts against the background of Scots law. Covers a new section on Scottish adjudication as well as new developments in novation. Includes index, table of cases, statutes and statutory instruments. | ||
| 520 | _aSupersedes 1st edition (ISBN 0632034114). | ||
| 521 | 2 | _aAdvanced | |
| 590 | _aKA | ||
| 650 | 2 | 4 | _aHOUSING GRANTS, CONSTRUCTION AND REGENERATION ACT 1996 |
| 650 | 2 | 4 | _aEBOOK |
| 650 | 2 | 4 | _aJCT STANDARD BUILDING CONTRACT (2005 EDITION) |
| 650 | 2 | 4 | _aSBCC STANDARD BUILDING CONTRACT FOR USE IN SCOTLAND (2005 EDITION) |
| 651 | 4 |
_aScotland _y1999- |
|
| 690 | _aBUILT ENVIRONMENT-BUILDING CONTRACT FORMS-STANDARD FORMS OF BUILDING CONTRACT | ||
| 856 | 4 | 8 |
_uhttps://www.vlebooks.com/ _zView on VLEbooks. Logins for members only from [email protected] |
| 942 | _n0 | ||
| 999 |
_c107782 _d107782 |
||